MARC details
| 000 -LEADER |
| fixed length control field |
00923nam a22002537a 4500 |
| 003 - CONTROL NUMBER IDENTIFIER |
| control field |
LK-CoMWRAF |
| 005 - DATE AND TIME OF LATEST TRANSACTION |
| control field |
20231225155748.0 |
| 008 - FIXED-LENGTH DATA ELEMENTS--GENERAL INFORMATION |
| fixed length control field |
231225b |||||||| |||| 00| 0 eng d |
| 040 ## - CATALOGING SOURCE |
| Original cataloging agency |
LK-CoMWRAF |
| Modifying agency |
LK-CoMWRAF |
| Description conventions |
LK-CoMWRAF |
| 041 ## - LANGUAGE CODE |
| Language code of text/sound track or separate title |
English |
| 082 ## - DEWEY DECIMAL CLASSIFICATION NUMBER |
| Classification number |
305.8 |
| Item number |
SEN |
| 942 ## - ADDED ENTRY ELEMENTS (KOHA) |
| Koha item type |
Books |
| 100 ## - MAIN ENTRY--PERSONAL NAME |
| Personal name |
Seneviratne, H. L. |
| 245 ## - TITLE STATEMENT |
| Title |
Buddhism, identity and conflict |
| 260 ## - PUBLICATION, DISTRIBUTION, ETC. (IMPRINT) |
| Place of publication, distribution, etc. |
Colombo: |
| Name of publisher, distributor, etc. |
International Centre for Ethnic Studies, |
| Date of publication, distribution, etc. |
2004 |
| 300 ## - PHYSICAL DESCRIPTION |
| Extent |
29 p. ; 23 cm. |
| 490 ## - SERIES STATEMENT |
| Series statement |
ICES ethnicity course series |
| Volume/sequential designation |
2 |
| 856 ## - ELECTRONIC LOCATION AND ACCESS |
| Uniform Resource Identifier |
<a href="https://noolaham.net/project/62/6133/6133.pdf">https://noolaham.net/project/62/6133/6133.pdf</a> |
| 505 ## - FORMATTED CONTENTS NOTE |
| Formatted contents note |
A lecture delivered at the course on ethnicity, identity and conflict, ICES auditorium, Colombo on 14th August 2002 |
| 650 ## - SUBJECT ADDED ENTRY--TOPICAL TERM |
| Topical term or geographic name as entry element |
Sinhalese (Sri Lankan people)--Ethnic identity |
| 650 ## - SUBJECT ADDED ENTRY--TOPICAL TERM |
| Topical term or geographic name as entry element |
Tamil (Indic people)--Sri Lanka--Ethnic identity |
| 650 ## - SUBJECT ADDED ENTRY--TOPICAL TERM |
| Topical term or geographic name as entry element |
Ethnic conflict--Sri Lanka |
| 650 ## - SUBJECT ADDED ENTRY--TOPICAL TERM |
| Topical term or geographic name as entry element |
Sri Lanka--Ethnic relations |